| 000 | 00486cam a2200169ua 4500 | ||
|---|---|---|---|
| 020 | _a0 08 020614 | ||
| 041 |
_aeng _h |
||
| 082 |
_a660 _bCOU/CH |
||
| 100 | _aCoulson, J M . | ||
| 245 |
_aChemical engineering:vol-4 Solutions to the problems in chemical engineering vol-1 / _cJ M Coulson. _hTextual Documents |
||
| 260 |
_aOxford : _bPergamon Press , _c1982. |
||
| 300 |
_a207 : _b506 ; . |
||
| 504 | _a | ||
| 700 | 1 | _aRichardsen, J F . | |
| 942 | _cBK | ||
| 999 |
_c10512 _d10512 |
||